000 00325 a2200157 4500
001 171829
020 _a
040 _cMagnum
100 _aCavalcante, Betania Uchoa
240 1 0 _aO magico retorno
_lpor
245 1 0 _aO magico retorno
362 0 _a1899
440 1 _aNova Fronteira
697 _aJ/GERAL
942 _cBK
999 _c171829
_d171829